| 000 | 01156nam0a22002291 4500 | ||
|---|---|---|---|
| 001 | rc\490013 | ||
| 005 | 20260406171842.0 | ||
| 035 | _a(NLR Aleph) 005732040 | ||
| 090 |
_a7589213 _c7589213 |
||
| 100 | _a20030616d1988 |||y0rusy50 ca | ||
| 101 | 0 | _arus | |
| 102 | _aRU | ||
| 105 | _aa ||||||||| | ||
| 200 | 1 |
_aМЕТОДИЧЕСКИЕ рекомендации в помощь секретарям парткомов (партбюро), заведующим кабинетами политического просвещения, идеологическому активу предприятия по осуществлению перестройки системы политической и экономической учебы трудящихся _fДом полит. просвещения МГК и МК КПСС |
|
| 210 |
_aМ. _cВИНИТИ _d1988 |
||
| 215 |
_a35 с. _cсхем. _d21 |
||
| 712 | 0 | 2 |
_aМосковский городской дом политического просвещения _3RU\NLR\AUTH\889939316 _9373502 |
| 801 | 0 |
_aRU _bNLR _gpsbo |
|
| 801 | 1 |
_aRU _bELAR _2rusmarc |
|
| 852 |
_aNLR _j88-6/7047 |
||
| 942 | _cBOOK | ||
| 980 | _aNB | ||